<?xml version="1.0" encoding="UTF-8"?><?xml-stylesheet type="text/xsl" href="static/style.xsl"?><OAI-PMH xmlns="http://www.openarchives.org/OAI/2.0/" xmlns:xsi="http://www.w3.org/2001/XMLSchema-instance" xsi:schemaLocation="http://www.openarchives.org/OAI/2.0/ http://www.openarchives.org/OAI/2.0/OAI-PMH.xsd"><responseDate>2026-04-26T21:56:53Z</responseDate><request verb="GetRecord" identifier="oai:uvadoc.uva.es:10324/1024" metadataPrefix="marc">https://uvadoc.uva.es/oai/request</request><GetRecord><record><header><identifier>oai:uvadoc.uva.es:10324/1024</identifier><datestamp>2021-06-23T16:42:02Z</datestamp><setSpec>com_10324_30605</setSpec><setSpec>com_10324_894</setSpec><setSpec>col_10324_41</setSpec></header><metadata><record xmlns="http://www.loc.gov/MARC21/slim" xmlns:doc="http://www.lyncode.com/xoai" xmlns:xsi="http://www.w3.org/2001/XMLSchema-instance" xmlns:dcterms="http://purl.org/dc/terms/" xsi:schemaLocation="http://www.loc.gov/MARC21/slim http://www.loc.gov/standards/marcxml/schema/MARC21slim.xsd">
<leader>00925njm 22002777a 4500</leader>
<datafield tag="042" ind1=" " ind2=" ">
<subfield code="a">dc</subfield>
</datafield>
<datafield tag="720" ind1=" " ind2=" ">
<subfield code="a">Municio Rueda, Cristina María</subfield>
<subfield code="e">author</subfield>
</datafield>
<datafield tag="260" ind1=" " ind2=" ">
<subfield code="c">2012</subfield>
</datafield>
<datafield tag="520" ind1=" " ind2=" ">
<subfield code="a">Las células dendríticas son presentadores de antígenos que reconocen los patrones moleculares asociados a los hongos y desencadenan señales que modulan la respuesta inflamatoria e inician la inmunidad adaptativa. La regulación del balance de la producción de las citoquinas IL-10, IL-23 e IL-12 p70 es crucial para modular de forma precisa la respuesta al patógeno. En presencia de zymosan, las células dendríticas liberan preferentemente IL-10 e IL-23 y escasa cantidad de IL-12 p70. La producción de IL-10 se explica por la formación de un complejo supramolecular en el sito CRE del promotor de il10 formado por P-CREB y sus co-activadores CBP y TORC2. La regulación negativa de IL-12 p70 es debida a la presencia en el promotor de il12p35 de las moléculas represoras de la familia NOTCH, de histonas deacetilasas y de TLE.</subfield>
</datafield>
<datafield tag="024" ind2=" " ind1="8">
<subfield code="a">http://uvadoc.uva.es/handle/10324/1024</subfield>
</datafield>
<datafield tag="024" ind2=" " ind1="8">
<subfield code="a">b1644663</subfield>
</datafield>
<datafield tag="024" ind2=" " ind1="8">
<subfield code="a">10.35376/10324/1024</subfield>
</datafield>
<datafield ind1=" " ind2=" " tag="653">
<subfield code="a">Inmunidad celular</subfield>
</datafield>
<datafield ind1=" " ind2=" " tag="653">
<subfield code="a">Inflamación (Patología)</subfield>
</datafield>
<datafield ind1=" " ind2=" " tag="653">
<subfield code="a">Antígenos bacterianos</subfield>
</datafield>
<datafield ind1=" " ind2=" " tag="653">
<subfield code="a">Citoquinas</subfield>
</datafield>
<datafield ind1=" " ind2=" " tag="653">
<subfield code="a">Hongos patógenos</subfield>
</datafield>
<datafield tag="245" ind1="0" ind2="0">
<subfield code="a">Regulación de la producción de citoquinas por patrones moleculares de la pared de hongos</subfield>
</datafield>
</record></metadata></record></GetRecord></OAI-PMH>